Commentary on Romans. (Record no. 5683)

000 -LEADER
fixed length control field 00577nam a2200181 a 4500
001 - CONTROL NUMBER
control field :::00003425$&:&@@
003 - CONTROL NUMBER IDENTIFIER
control field OkBaRHE
005 - DATE AND TIME OF LATEST TRANSACTION
control field 20000607103305.0
008 - FIXED-LENGTH DATA ELEMENTS--GENERAL INFORMATION
fixed length control field s1979 j 000 0 eng u
040 ## - CATALOGING SOURCE
Transcribing agency
100 1# - MAIN ENTRY--PERSONAL NAME
Personal name Godet, Frederic Louis, 1812-1900.
245 10 - TITLE STATEMENT
Title Commentary on Romans.
260 ## - PUBLICATION, DISTRIBUTION, ETC. (IMPRINT)
Place of publication, distribution, etc Grand Rapids, MI., :
Name of publisher, distributor, etc Kregel Publications
Date of publication, distribution, etc 1979
300 ## - PHYSICAL DESCRIPTION
Extent xii, 531 p. ;
Dimensions 25 cm.
650 ## - SUBJECT ADDED ENTRY--TOPICAL TERM
Topical term or geographic name as entry element Bible New Testament Romans
General subdivision Commentaries
942 ## - ADDED ENTRY ELEMENTS (KOHA)
Source of classification or shelving scheme
Koha item type Books
Copies
Withdrawn status Price effective from Damaged status Copy number Permanent Location Date last seen Date acquired Full call number Lost status Shelving location Koha item type Not for loan Barcode Source of classification or shelving scheme
 2010-04-14 1RHEMA Bible Training College2018-03-282010-04-14BS 2665 .G55 General StacksBooks 3425